5HLuxD.jpg

KING HENRY VIII SENIOR AND PRIMARY SCHOOL LIBRARY OPAC

The theatre of the absurd / (Record no. 2927)

000 -LEADER
fixed length control field 01047cam a2200325 i 4500
001 - CONTROL NUMBER
control field 019863398
003 - CONTROL NUMBER IDENTIFIER
control field UkOxU
005 - DATE AND TIME OF LATEST TRANSACTION
control field 20230912131227.0
008 - FIXED-LENGTH DATA ELEMENTS--GENERAL INFORMATION
fixed length control field 140829s2014 enk b 001 0|eng|d
015 ## - NATIONAL BIBLIOGRAPHY NUMBER
National bibliography number GBB493468
Source bnb
020 ## - INTERNATIONAL STANDARD BOOK NUMBER
International Standard Book Number 9781472577023 (pbk)
035 ## - SYSTEM CONTROL NUMBER
System control number (Uk)016856310
040 ## - CATALOGING SOURCE
Original cataloging agency StDuBDS
Language of cataloging eng
Description conventions rda
Transcribing agency StDuBDS
Modifying agency UkOxU
-- KH8
082 04 - DEWEY DECIMAL CLASSIFICATION NUMBER
Classification number 809.204 ESS
Edition number 23
100 1# - MAIN ENTRY--PERSONAL NAME
Personal name Esslin, Martin,
Dates associated with a name 1918-2002,
Relator term author.
245 14 - TITLE STATEMENT
Title The theatre of the absurd /
Statement of responsibility, etc. Martin Esslin.
250 ## - EDITION STATEMENT
Edition statement New edition /
Remainder of edition statement preface by Marvin Carlson.
264 #1 - PRODUCTION, PUBLICATION, DISTRIBUTION, MANUFACTURE, AND COPYRIGHT NOTICE
Place of production, publication, distribution, manufacture London :
Name of producer, publisher, distributor, manufacturer Bloomsbury,
Date of production, publication, distribution, manufacture, or copyright notice 2014.
264 #4 - PRODUCTION, PUBLICATION, DISTRIBUTION, MANUFACTURE, AND COPYRIGHT NOTICE
Date of production, publication, distribution, manufacture, or copyright notice ©2014.
300 ## - PHYSICAL DESCRIPTION
Extent xx, 407 pages ;
Dimensions 22 cm.
336 ## - CONTENT TYPE
Content type term text
Source rdacontent
337 ## - MEDIA TYPE
Media type term unmediated
Source rdamedia
338 ## - CARRIER TYPE
Carrier type term volume
Source rdacarrier
490 0# - SERIES STATEMENT
Series statement Bloomsbury revelations
500 ## - GENERAL NOTE
General note "Bloomsbury revelations edition".
504 ## - BIBLIOGRAPHY, ETC. NOTE
Bibliography, etc. note Includes bibliography (pages [369]-396), and index.
650 #0 - SUBJECT ADDED ENTRY--TOPICAL TERM
Topical term or geographic name entry element Theater of the absurd
General subdivision History and criticism.
650 #0 - SUBJECT ADDED ENTRY--TOPICAL TERM
Topical term or geographic name entry element Drama
Chronological subdivision 20th century
General subdivision History and criticism.
942 ## - ADDED ENTRY ELEMENTS (KOHA)
Source of classification or shelving scheme
Koha item type Teaching Resources
Holdings
Withdrawn status Lost status Source of classification or shelving scheme Damaged status Not for loan Collection code Permanent Location Current Location Shelving location Date acquired Full call number Barcode Date last seen Price effective from Koha item type Total Checkouts Date due Date last checked out
          Teaching Resources KH8 Senior School Library KH8 Senior School Library Staff Office 2023-09-12 809.204 ESS TRKHSL003051 2023-09-12 2023-09-12 Teaching Resources      
          Teaching Resources KH8 Senior School Library KH8 Senior School Library Staff Office 2023-09-12 809.204 ESS TRKHSL003052 2025-08-28 2023-09-12 Teaching Resources 1 2026-07-03 2025-08-28

Powered By KH8 IT Dept